| 000 | 01677cab a2200265 4500 | ||
|---|---|---|---|
| 001 | ABS68498 | ||
| 008 | 041216n2004 000 0 eng u | ||
| 035 | _a(Sirsi) u128344 | ||
| 100 | _aAplin, D. | ||
| 245 | _aAccess statements - work in progress | ||
| 260 | _c2004 | ||
| 490 |
_aAccess by Design _v (101) Winter 2004, 20-22(3) |
||
| 520 | _aDiscusses the evolution of the disabled access statement. Examines how its role will extend from the early planning stages of environmental design to potentially connect with aspects of the government's planning and sustainable communities programmes and the Disability Rights Commission's (DRC) vision for an inclusive society. Looks at the building control aspect of access and how it relates to the Planning and Compulsory Purchase Act 2004. Highlights the role of the DRC and stresses the access statement should be a document which grows with the project. Underlines the need for consultation to take place early in the development process. Concludes the access statement will evolve to develop the role that inclusive environments play in creating and maintaining socially inclusive sustainable communities. More information can be obtained from www.drc.gov.uk. | ||
| 590 | _aABS | ||
| 650 | _aMANAGEMENT-BUSINESS MANAGEMENT-DISCRIMINATION-DISABILITY DISCRIMINATION-ACCESSIBILITY | ||
| 650 | _aACCESS STATEMENT | ||
| 650 | _aPLANNING AND COMPULSORY PURCHASE ACT 2004 | ||
| 650 | _aDISABILITY RIGHTS COMMISSION | ||
| 650 | _aINCLUSIVE DESIGN | ||
| 650 |
_aBUILDING CONTROL _96222 |
||
| 650 | _aSUSTAINABLE COMMUNITIES | ||
| 690 | _aBUILT ENVIRONMENT-CONSTRUCTION DESIGN | ||
| 700 | _aHughes, M. | ||
| 942 | _n0 | ||
| 999 |
_c74680 _d74680 |
||